00245nam a22001097a 4500003000400000008004100004082001600045100002100061245002200082260002300104300000800127OSt240718b |||||||| |||| 00| 0 eng d a633.1bG13C aGallagher, E. J. aCereal Production bButtersworthc1984 a354